01002 a2200157 45000010006000000050017000060080041000230030015000640400040000790800032001192450050001512640033002013000019002345050562002531000029008155383120260407155809.0260407a1978 arg spa dAR-UNSa-BCEJYS aAR-UNSa-BCEJYSbspacAR-UNSa-BCEJYS a330(82)xEconomia Argentina10aCrisis de la política económica Argentina 1aBuenos Aires :bAstreac1978 a287 p.c20 cm. a1. El antikeynesismo como pretexto para ocultar la realidad económica - 2. Monetarismo o fiscalismo (una falsa alternativa) - 3. La estructura del gasto público nacional,el crecimiento económico y la estabilidad monetaria - 4. La presión fiscal sobre el factor tierra.Su inoperancia - 5. La incidencia económica y financiera de ciertos incentivos a la exportación - 6. Mercados de títulos públicos y política monetaria - 7. La inflación condicionada por la dependencia - 8. Presupuestos básicos y proposiciones para la transformación1 aLascano, Marcelo Ramón